000 00844nam a2200253Ia 4500
003 OSt
005 20220927105414.0
006 a|||||r|||| 00| 0
007 ta
008 220926b |||||||| |||| 00| 0 eng d
024 _a156922
037 _cReference Collections
040 _aRTL
_cRTL
_beng
041 _2eng
_aeng
082 _a"X9(D26).271.M85, B5"
110 _a"INDIA, PUBLIC WORKS (Deptt.-)"
_9372256
245 0 _aPapers relating to the Orissa coast canel
260 _aCalcutta
_bGovernment of India
_c1885
300 _a121p
_ccm.
500 _aSelections from the records of the government of India in the public works department no. (CIV)
700 _a"INDIA, PUBLIC WORKS (Deptt.-)"
_9372257
942 _h"X9(D26).271.M85, B5"
_cCC
999 _c692383
_d692383